[Event "FIDE Grand Prix-II Pool-B 2022"]
[Site "Belgrade"]
[Date "2022.03.07"]
[Round "6.3"]
[White "Vitiugov, Nikita"]
[Black "Giri, Anish"]
[Result "1/2-1/2"]
[WhiteElo "2726"]
[BlackElo "2772"]
[Annotator "TA"]
[PlyCount "61"]
[EventDate "2022.03.01"]
[EventType "tourn"]
[EventCountry "SRB"]
[SourceTitle "playchess.com"]
[Source "ChessBase"]
[SourceQuality "1"]

{[%evp 11,61,33,28,7,22,16,17,18,19,12,26,0,12,23,22,16,17,28,15,14,21,20,21,26,20,28,20,12,14,12,8,2,3,2,2,0,3,0,0,0,0,0,0,0,0,3,10,0,0,0,2,0]} 1. c4 Nf6 2. Nc3 c5 3. g3 e6 4. Nf3 d5 5. cxd5 exd5 6. d4 Nc6 {[%cal Bb8c6,Bc6a5,Ba5c4][%mdl 32]} 7. a3 {D33: Tarrasch Defence: 6 g3 sidelines.} cxd4 8. Nxd4 Bc5 9. Be3 {[#] Strongly threatening Nxc6.} Bb6 (9... Qb6 $2 {[#]} 10. Na4 $1 Qa5+ 11. Bd2 $18) 10. Bg2 O-O {[#]} 11. Qd2 $146 ({Predecessor:} 11. O-O Re8 12. h3 Be6 13. Na4 Bxd4 14. Bxd4 Ne4 15. Nc3 Qd7 16. Kh2 Bf5 17. e3 {½-½ (43) Malakhov,V (2702)-Alekseev,E (2653) St Petersburg 2015}) 11... Na5 12. Rd1 {[%cal Ba1d1,Bd1d4,Bd4f4][%mdl 32]} Nc4 13. Qc1 Nxe3 14. Qxe3 Re8 15. Qf4 Bg4 16. O-O {[%cal Oc3d5]} Bxd4 17. Rxd4 {[%cal Rc3d5]} Bxe2 18. Rb1 {[%cal Rc3d5]} Rc8 19. Nxd5 {The position is equal.} Nxd5 20. Bxd5 Qc7 21. Re1 {Black must now prevent Qxc7.} Qxf4 22. Rxf4 Rc7 23. Rc4 Rce7 24. Rc2 {[%cal Od5f3]} b6 25. Bc6 Bg4 26. Rxe7 Rxe7 27. f3 Be6 28. Kf2 g5 29. Bb5 Kg7 30. Rc3 Kf6 31. Bd3 {An even fight not without its subleties.  Weighted Error Value: White=0.04 (flawless) /Black=0.02 (flawless)} 1/2-1/2

[Event "FIDE Grand Prix-II Pool-B 2022"]
[Site "Belgrade"]
[Date "2022.03.07"]
[Round "6.4"]
[White "Harikrishna, Pentala"]
[Black "Tabatabaei, M. Amin"]
[Result "0-1"]
[WhiteElo "2719"]
[BlackElo "2623"]
[Annotator "TA"]
[PlyCount "123"]
[EventDate "2022.03.01"]
[EventType "tourn"]
[EventCountry "SRB"]
[SourceTitle "playchess.com"]
[Source "ChessBase"]
[SourceQuality "1"]

{[%evp 21,123,8,16,0,0,0,0,0,0,0,0,0,0,0,0,0,0,0,0,0,0,0,0,0,0,0,0,-14,0,0,0,0,-3,-23,-15,-72,-10,-69,-69,-122,-132,-137,-122,-132,-147,-156,-146,-160,-165,-156,-156,-166,-164,-160,-174,-159,-159,-166,-155,-177,-176,-177,-121,-120,-89,-109,-83,-83,-83,-87,-83,-261,-300,-309,-305,-268,-277,-314,-383,-332,-336,-275,-259,-388,-379,-355,-390,-358,-341,-394,-387,-337,-306,-316,-287,-426,-414,-796,-646,-866,-860,-2460,-1937,-1884]} 1. e4 e5 2. Nf3 Nc6 3. Bb5 a6 4. Ba4 Nf6 5. O-O Nxe4 6. d4 b5 7. Bb3 d5 8. dxe5 Be6 9. Be3 Be7 10. c3 O-O 11. Nbd2 Bg4 $1 {[%mdl 4] outshines the older 11...Qd7.} 12. h3 {C83: Open Ruy Lopez: 9 c3 Be7.} Nxd2 13. hxg4 Nxf1 14. Kxf1 {The position is equal.} Na5 15. Bxd5 c6 16. Be4 {A strong pair of Bishops.} Qxd1+ 17. Rxd1 Nc4 18. Bc1 Rad8 19. Re1 c5 20. g3 {[#]} Nb6 $146 ({Predecessor:} 20... h6 21. Kg2 g5 22. b3 Nb6 23. Bb7 a5 24. Bc6 b4 25. cxb4 axb4 26. e6 Rd6 27. exf7+ Rxf7 {1-0 (59) Shevchenko,K (2633)-Vidit,S (2727) Chess.com INT 2021}) 21. Kg2 Rd7 22. Bf5 Rdd8 23. Be4 Rd7 24. Bc2 Re8 25. Bf5 Rdd8 26. Be4 Nd5 27. Bd2 c4 28. b3 (28. Ra1 $11) 28... b4 (28... g6 $17) 29. Bxd5 ({White should try} 29. bxc4 $11 Nxc3 30. Bxc3 bxc3 31. Rc1) 29... Rxd5 $15 30. cxb4 ({Better is} 30. bxc4 $15 Rc5 31. cxb4 Rxc4 32. e6) 30... Red8 {...cxb3 is the strong threat.} 31. Re2 Rc8 32. bxc4 Rxc4 33. Bf4 Rxb4 34. Rc2 Kf8 35. Rc8+ Rd8 36. Rc7 Ra4 37. Rc2 Ke8 38. g5 Rd5 39. Be3 Kd7 40. Bb6 Bd8 41. Be3 Rda5 (41... Bc7 $19 42. Bf4 Bb6) 42. Rc1 $17 Rxa2 43. Rh1 Be7 44. Rxh7 {[#]} Bf8 45. Bd4 Rd5 46. e6+ $2 {This costs White the game.} (46. Rh8 $17 Bc5 47. Bxc5 Rxc5 48. g6 fxg6 49. Rg8) 46... Kxe6 $19 47. Bxg7 Bxg7 48. Rxg7 {[%mdl 4096] Endgame KRR-KRN} a5 {[%cal Ba6a5,Ba5a4][%mdl 32]} 49. g6 fxg6 50. Rxg6+ Kd7 51. g4 a4 52. Ra6 {To avoid Ra5} (52. Rg7+ {is a better defense.} Kc6 53. g5) 52... Kc7 {And now ...Kb7 would win.} 53. g5 Kb7 54. Re6 Rc2 {Hoping for ...a3.} 55. Re3 Ra5 {aiming for ...a3.} 56. Ra3 Kc7 57. g6 Kd6 58. Nd4 (58. g7 {might work better.} Rc8 59. Nd2) 58... Rg5+ ({Stronger than} 58... Rc4 59. g7 Rg5+ 60. Kh3 $17) 59. Kh3 (59. Kf1 $142 Rc4 60. Ne2) 59... Rc1 {[%cal Rc1h1] [#] Black is clearly winning.} ({Weaker is} 59... Rc4 60. g7 $17) 60. Kh2 {To avoid Rh1+} Rc4 61. f4 Rxg6 62. Rd3 {Weighted Error Value: White=0.36/Black=0.06 (flawless)} 0-1